[Event "2015 Server Team Ch - Div 1, S51999"]
[Site "CCLA"]
[Date "2015.10.30"]
[Round "?"]
[White "Sherwood, Helen"]
[Black "Buss, Michael D."]
[Result "1/2-1/2"]
[WhiteElo "2303"]
[BlackElo "2369"]
[Board "2"]
[WhiteTeam "BCCA Rooks"]
[BlackTeam "Pennsylvania Keystones"]

1. e4 c5 2. Nf3 e6 3. d4 cxd4 4. Nxd4 Bc5 5. Nc3 Qb6 6. Na4 Qa5+ 7. c3 
Bxd4 8. Qxd4 Nf6 9. Nc5 Nc6 10. Qd6 b6 11. Nb3 Nxe4 12. Qxc6 dxc6 13. Nxa5
bxa5 14. Be3 a4 15. Bd3 Nf6 16. O-O O-O 17. Rfd1 e5 18. Bc2 Be6 19. Bxa4 
Rfc8 20. Rd6 Bd5 21. f3 Ne8 22. Rd7 Nf6 23. Re7 Be6 24. Bc5 a5 25. Rb7 e4 
26. a3 h6 27. Kf2 exf3 28. gxf3 Rd8 29. Rd1 Rxd1 30. Bxd1 Rd8 31. Ke1 Nd5 
32. Bc2 g5 33. Ba7 c5 34. Bxc5 Nf4 35. Be3 Nd3+ 36. Bxd3 Rxd3 37. Ke2 Bc4 
38. Kf2 Rd1 39. Rb6 Kh7 40. b3 Be6 41. a4 Rb1 42. c4 Rb2+ 43. Kg3 Rc2 44. 
f4 Kg6 45. fxg5 hxg5 46. Bd4 Re2 47. Rb5 Bf5 48. Rb6+ Kh5 49. Bg7 Bg6 50. 
Ra6 f5 51. Rxa5 Re3+ 52. Kf2 Rxb3 53. c5 Ra3 1/2-1/2

[Event "Winter Series, S50061"]
[Site "CCLA"]
[Date "2015.01.28"]
[Round "?"]
[White "Anderson, Lawrence D."]
[Black "Acosta, Errol"]
[Result "0-1"]
[WhiteElo "1435"]
[BlackElo "1494"]

1. e4 c5 2. Nf3 e6 3. d4 cxd4 4. Nxd4 Nf6 5. Nc3 g6 6. Bb5 Bg7 7. Bg5 Qc7 
8. Bxf6 Bxf6 9. O-O O-O 10. Qd2 Bg7 11. Rfd1 a6 12. Be2 b5 13. a3 Bb7 14. 
b4 Nc6 15. Nxc6 Bxc6 16. Bf3 Rad8 17. Rac1 f5 18. Ne2 fxe4 19. Bg4 Qb6 20.
 Nd4 Bd5 21. Qe3 e5 22. Ne2 Qxe3 23. fxe3 Be6 24. Bxe6+ dxe6 25. Rxd8 Rxd8
26. Nc3 Bh6 27. Rd1 Bxe3+ 28. Kf1 Rxd1+ 29. Nxd1 Ba7 30. Ke2 Kf7 31. Nc3 
e3 32. Ne4 Ke7 33. Nc5 Kd6 34. Kxe3 Bxc5+ 35. bxc5+ Kxc5 36. Kd3 Kd5 37. 
g4 g5 38. h3 e4+ 39. Ke3 Ke5 40. c3 Kd5 41. Kd2 Kc4 42. Kc2 e3 0-1

[Event "Winter Series, S50021"]
[Site "CCLA"]
[Date "2015.01.28"]
[Round "?"]
[White "Evans, Stanley W."]
[Black "Anderson, Clarence"]
[Result "1-0"]
[WhiteElo "1855"]
[BlackElo "1717"]

1. e4 c5 2. Nf3 a6 3. c4 e6 4. Nc3 Qc7 5. Be2 Nf6 6. d4 cxd4 7. Nxd4 b6 8.
 Qd3 d6 9. b3 Bb7 10. O-O Nbd7 11. Qe3 Be7 12. Bb2 O-O 13. f4 e5 14. Nf5 
Rfe8 15. Qg3 g6 16. fxe5 Nxe5 17. Nd5 Nxd5 18. Nh6+ Kf8 19. cxd5 f6 20. 
Rac1 Qb8 21. Ng4 Kg7 22. Qh4 Rf8 23. Qh6+ Kg8 24. Nxe5 dxe5 25. Bg4 Bc8 
26. Bxc8 Rxc8 27. Qh3 Bc5+ 28. Kh1 Kg7 29. Qd7+ Kh8 30. Rxf6 Bd4 31. Rf7 
Rxc1+ 32. Bxc1 Qg8 33. Bh6 1-0

[Event "2015 Server Team Ch - Div 1, S51999"]
[Site "CCLA"]
[Date "2015.10.30"]
[Round "?"]
[White "Anderson, Aaron J."]
[Black "Buss, Michael D."]
[Result "1/2-1/2"]
[WhiteElo "2174"]
[BlackElo "2369"]
[Board "2"]
[WhiteTeam "Gustafson Winners"]
[BlackTeam "Pennsylvania Keystones"]

1. e4 c5 2. Nf3 e6 3. d4 cxd4 4. Nxd4 a6 5. Bd3 Nf6 6. O-O Qc7 7. Qe2 d6 
8. c4 g6 9. Nc3 Bg7 10. Rd1 O-O 11. Nf3 Nc6 12. h3 Nd7 13. Be3 Bxc3 14. 
bxc3 f6 15. Bc2 Na5 16. Nd2 b6 17. Rab1 Bb7 18. Qg4 Rae8 19. Qg3 Kh8 20. 
Rb4 Ba8 21. h4 Nc5 22. h5 Nc6 23. hxg6 Rg8 24. e5 Nxe5 25. Qh4 Qe7 26. Bd4
Ncd7 27. Bxe5 Nxe5 28. Rxb6 Nxg6 29. Bxg6 Rxg6 30. Ne4 Reg8 31. g3 Qg7 32.
 Nxd6 Rg5 33. Rdb1 Qg6 34. Rb7 Rf8 35. Rb8 Kg7 36. Qf4 Rh5 37. R1b7+ Bxb7 
38. Rxb7+ Kg8 39. Kg2 Rh6 40. Qf3 f5 41. c5 Qg5 42. Qf4 Qh5 43. Qh4 f4 44.
 Qxh5 Rxh5 45. c6 Rc5 46. c7 fxg3 47. fxg3 Rc6 48. c8=N Rcxc8 49. Nxc8 
1/2-1/2

[Event "2015 Server Team Ch - Div 2"]
[Site "CCLA"]
[Date "2015.10.30"]
[Round "?"]
[White "Huff, David C."]
[Black "Carter, Maurice H."]
[Result "0-1"]
[WhiteElo "1857"]
[BlackElo "1968"]
[Board "5"]
[WhiteTeam "SchemingMind C"]
[BlackTeam "Chairmen of the Board"]

1. e4 c5 2. Nf3 e6 3. d4 cxd4 4. Nxd4 a6 5. Bd3 Qc7 6. Nc3 Nf6 7. O-O Nc6 
8. Nb3 Be7 9. Be3 d6 10. f4 b5 11. Qf3 Bb7 12. Qh3 h5 13. f5 exf5 14. Qxf5
Ne5 15. a3 Rc8 16. h3 O-O 17. Rad1 g6 18. Qf2 Nfd7 19. Qf4 Bf6 20. Nd4 
Rce8 21. Nd5 Bxd5 22. exd5 Bg7 23. Be2 Nf6 24. Bc1 Nxd5 25. Qg5 Ne7 26. 
Qd2 Qc5 27. b4 Qc7 28. c3 Rc8 29. Bb2 Nc4 30. Bxc4 Qxc4 31. Rf3 Nc6 32. 
Ne2 Rce8 33. Nf4 Re4 34. Bc1 Rfe8 35. Rdf1 Ne7 36. Qd3 Qc6 37. g3 d5 38. 
Bd2 d4 39. cxd4 Bxd4+ 40. Kh1 Bb6 41. Qb3 Rc4 42. g4 Nd5 43. Ng2 Re2 44. 
Qd1 Rxg2 45. Kxg2 hxg4 46. hxg4 Rxg4+ 47. Kh3 Qc8 48. Rg3 Rd4+ 49. Kh2 Bc7
50. Qg4 Qxg4 0-1

[Event "2015 Server Team Ch - Div 1, S51999"]
[Site "CCLA"]
[Date "2015.10.30"]
[Round "?"]
[White "Caliguire, John J."]
[Black "Sherwood, Alexander"]
[Result "1/2-1/2"]
[WhiteElo "2092"]
[BlackElo "2140"]
[Board "3"]
[WhiteTeam "Pennsylvania Keystones"]
[BlackTeam "BCCA Rooks"]

1. e4 c5 2. Nf3 e6 3. d4 cxd4 4. Nxd4 Nc6 5. Nc3 Qc7 6. f4 a6 7. Be2 b5 8.
 Nxc6 Qxc6 9. Bf3 Bb7 10. Be3 Rc8 11. a3 Qc7 12. Qd4 Ne7 13. O-O-O Nc6 14.
 Qb6 Qxb6 15. Bxb6 d6 16. Rd2 Be7 17. Re1 Bd8 18. Bxd8 Rxd8 19. Red1 Ke7 
20. g3 g6 21. b3 g5 22. Kb2 Rhg8 23. Bh5 gxf4 24. gxf4 Ba8 25. b4 Nb8 26. 
Kb3 Rd7 27. Rf2 Rc7 28. f5 Rgc8 29. Rd3 Nd7 30. fxe6 Nf6 31. Bf3 fxe6 32. 
e5 dxe5 33. Bxa8 Rxa8 34. Re2 Rg8 35. Rxe5 Rg2 36. Rde3 Rc6 1/2-1/2

[Event "Winter Series, S50041"]
[Site "CCLA"]
[Date "2015.01.28"]
[Round "?"]
[White "Berger, Byron"]
[Black "Graupera, Carlos"]
[Result "1-0"]
[WhiteElo "1511"]
[BlackElo "1514"]

1. Nc3 e6 2. d4 c5 3. Nf3 cxd4 4. Nxd4 a6 5. e4 Qc7 6. Bd3 Nc6 7. Be3 Nf6 
8. Nxc6 bxc6 9. f3 d5 10. Qe2 Be7 11. O-O-O Bd7 12. f4 dxe4 13. Nxe4 O-O 
14. Nxf6+ Bxf6 15. Bxh7+ Kxh7 16. Qd3+ Kg8 17. Qxd7 Rac8 18. Qxc7 Rxc7 19.
 Bd4 Be7 20. Be5 Rcc8 21. Bd6 Bxd6 22. Rxd6 1-0

[Event "2015  Server Team - Div 3, S53999"]
[Site "CCLA"]
[Date "2015.10.30"]
[Round "?"]
[White "Vecchio, Ralph"]
[Black "Tymms, J. D. M."]
[Result "0-1"]
[WhiteElo "1845"]
[BlackElo "1807"]
[Board "2"]
[WhiteTeam "Idaho Mountaineers"]
[BlackTeam "BCCA Bishops"]

1. e4 c5 2. Nf3 e6 3. d4 cxd4 4. Nxd4 a6 5. Nc3 Qc7 6. Bd3 Nf6 7. Be3 Nc6 
8. a3 b5 9. O-O Bb7 10. Re1 Be7 11. Nf3 d6 12. h3 O-O 13. Qd2 Rfd8 14. b4 
d5 15. exd5 Nxd5 16. Nxd5 Rxd5 17. Bf4 Qd7 18. Re3 a5 19. bxa5 Bc5 20. Re4
Nxa5 21. Qe2 Nc4 22. Ne5 Nxe5 23. Bxe5 Qe7 24. c4 Rxd3 25. Qxd3 Bxe4 26. 
Qxe4 Ra4 27. Qc6 Rxc4 28. Qxb5 Rc2 29. Bg3 Qd8 30. Qa4 Rb2 31. Rd1 Qc8 32.
 Kh2 h6 33. Bh4 Bb6 34. Bg3 Rc2 35. Qf4 Bc7 36. Qh4 Rxf2 37. Kh1 Bxg3 38. 
Qxg3 Ra2 39. Kh2 Qa8 40. Rd3 Qb7 41. Rd8+ Kh7 42. Rd4 g5 43. Qd3+ Kg7 44. 
Qg3 Qc6 45. Rf4 Qc7 46. Rf3 Qxg3+ 47. Kxg3 f5 48. Rb3 Kf6 49. Rb8 Rxa3+ 
0-1

[Event "2015  Server Team - Div 3, S53999"]
[Site "CCLA"]
[Date "2015.10.30"]
[Round "?"]
[White "Selby, Robin"]
[Black "Stewart, Scott A."]
[Result "0-1"]
[WhiteElo "1190"]
[BlackElo "1343"]
[Board "6"]
[WhiteTeam "Canadian Snowbirds"]
[BlackTeam "Knights of the Square Table"]

1. e4 c5 2. Nf3 d6 3. b3 Nf6 4. Nc3 g6 5. Bb2 Bg7 6. Bb5+ Nbd7 7. O-O Nxe4
8. Rb1 Nxc3 9. Bxc3 Bxc3 10. dxc3 O-O 11. Re1 a6 12. Bd3 b5 13. Be4 Rb8 
14. Re3 Nf6 15. Bd3 Nd5 16. Re1 Nxc3 17. Qc1 Nxb1 18. Qxb1 Bb7 19. c3 Bxf3
20. gxf3 e6 21. Qc1 Qf6 22. Kh1 Qxf3+ 23. Kg1 Qxd3 24. Re3 Qf5 25. Qd1 
Rfd8 26. Rg3 d5 27. h4 d4 28. Kh2 Qxf2+ 29. Rg2 Qxh4+ 30. Kg1 dxc3 31. Qf3
Rd2 32. a3 Rbd8 33. Qxc3 Rd1+ 0-1

[Event "2015 REGULAR QUAD, S50429"]
[Site "CCLA"]
[Date "2015.11.04"]
[Round "?"]
[White "Gravelle, Gary"]
[Black "Acosta, Errol"]
[Result "0-1"]
[WhiteElo "1387"]
[BlackElo "1494"]

1. e4 c5 2. Nf3 d6 3. g3 Nc6 4. Bg2 Nf6 5. d3 g6 6. O-O Bg7 7. c3 Bd7 8. 
Nbd2 O-O 9. Re1 Qc7 10. Nf1 e5 11. Ne3 h6 12. Nh4 Kh7 13. f4 Qc8 14. Nc4 
Ne8 15. Nf3 Bh3 16. Be3 Bxg2 17. Kxg2 Ne7 18. fxe5 dxe5 19. Ncxe5 f5 20. 
exf5 Nxf5 21. d4 Nxe3+ 22. Rxe3 b6 23. Qd3 Qf5 24. Qxf5 gxf5 25. Rae1 cxd4
26. Nxd4 Nd6 27. Ne6 Ne4 28. Nxf8+ Rxf8 29. Rxe4 fxe4 30. Rxe4 Re8 31. Rf4
Rxe5 32. Rf7 Re2+ 33. Rf2 Re7 34. Rd2 Kg6 35. Kf3 h5 36. h4 Kf5 37. Rg2 
Re4 38. Rd2 Bh6 39. Rd5+ Re5 40. Rxe5+ Kxe5 41. g4 hxg4+ 42. Kxg4 Ke4 43. 
Kh5 Bd2 44. Kg6 Kd3 45. h5 Kc2 46. h6 Bxh6 47. Kxh6 Kxb2 48. Kg6 Kxc3 49. 
Kf6 Kb2 50. Ke6 Kxa2 51. Kd6 Kb3 0-1

[Event "2015 REGULAR QUAD, S50429"]
[Site "CCLA"]
[Date "2015.11.04"]
[Round "?"]
[White "Williams, Rufus H."]
[Black "Acosta, Errol"]
[Result "1-0"]
[WhiteElo "1309"]
[BlackElo "1494"]

1. e4 c5 2. Nf3 d6 3. Bc4 e6 4. Nc3 Be7 5. d4 Nf6 6. O-O O-O 7. Re1 cxd4 
8. Nxd4 e5 9. Nf3 h6 10. Nd5 Nxd5 11. exd5 Bg4 12. c3 f5 13. h3 Nd7 14. 
hxg4 fxg4 15. Nh2 h5 16. Re2 Nb6 17. Qc2 Nxc4 18. b3 Nb6 19. c4 Nd7 20. 
Bb2 Nf6 21. Qg6 Nh7 22. Bxe5 Bf6 23. Bxf6 Nxf6 24. Rae1 Rf7 25. Re6 Qd7 
26. Nf1 Raf8 27. Ng3 Nh7 28. Nxh5 Qd8 29. Qxg4 Qg5 30. Qxg5 Nxg5 31. Rxd6 
Rxf2 32. Rd7 R2f7 33. Rxf7 Nxf7 34. Re7 Kh7 35. Rxb7 Nd6 36. Rxa7 Kg6 37. 
Nxg7 Rf7 38. Ra6 Kxg7 39. Rxd6 Kf8 40. Re6 Rd7 41. Kf2 Rf7+ 42. Ke2 Rg7 
43. d6 Rxg2+ 44. Kd3 Rxa2 45. Kc3 Ra7 46. c5 Kf7 47. Re1 Rd7 48. Kc4 Rd8 
49. b4 Rh8 50. d7 1-0

[Event "2015 REGULAR QUAD, S50259"]
[Site "CCLA"]
[Date "2015.06.10"]
[Round "?"]
[White "Williams, Rufus H."]
[Black "Rager, Mark"]
[Result "0-1"]
[WhiteElo "1326"]
[BlackElo "1400"]

1. e4 c5 2. Nf3 d6 3. Bc4 Nf6 4. d3 a6 5. a4 e6 6. Nc3 d5 7. exd5 exd5 8. 
Nxd5 Nxd5 9. Qe2+ Be7 10. O-O Nc6 11. Re1 Be6 12. Ne5 Nd4 13. Qd1 O-O 14. 
c3 Nc6 15. Nxc6 bxc6 16. d4 Nxc3 17. bxc3 Bxc4 18. Re4 Bd5 19. Rg4 cxd4 
20. Rxg7+ Kxg7 21. Qg4+ Kh8 22. Qxd4+ Bf6 23. Qd3 Qa5 24. Bh6 Rfd8 25. Qf5
Qxc3 26. Rb1 Ba2 27. Rc1 Qxc1+ 0-1

[Event "Premier Quad, S50439"]
[Site "CCLA"]
[Date "2015.11.11"]
[Round "?"]
[White "Silverman, Robert"]
[Black "Stevens, Daniel L."]
[Result "1-0"]
[WhiteElo "1905"]
[BlackElo "1779"]

1. e4 c5 2. Nf3 d6 3. Nc3 Nf6 4. Bc4 e6 5. d3 a6 6. a4 b6 7. O-O Be7 8. d4
cxd4 9. Nxd4 Qc7 10. Qe2 Nc6 11. Nxc6 Qxc6 12. a5 O-O 13. axb6 Bb7 14. Be3
Bd8 15. Bxa6 Rxa6 16. Rxa6 Nxe4 17. f3 Nxc3 18. bxc3 Bxa6 19. Qxa6 Qxc3 
20. Qd3 Qc6 21. Rb1 f5 22. Qb3 d5 23. Qb5 Qxc2 24. b7 1-0

[Event "2015 REGULAR QUAD, S50199"]
[Site "CCLA"]
[Date "2015.05.01"]
[Round "?"]
[White "Mann, Wallace"]
[Black "Acosta, Errol"]
[Result "1/2-1/2"]
[WhiteElo "1532"]
[BlackElo "1494"]

1. e4 c5 2. Nf3 d6 3. c3 Nc6 4. d4 cxd4 5. cxd4 e6 6. Nc3 g6 7. Be2 Bg7 8.
 O-O Nge7 9. Be3 O-O 10. Qd2 a6 11. Rac1 Bd7 12. Bh6 f5 13. Bxg7 Kxg7 14. 
h4 f4 15. h5 Ng8 16. hxg6 hxg6 17. g3 g5 18. g4 Qf6 19. e5 Qg6 20. Kg2 Nh6
21. Rh1 Nxg4 22. Bd3 Rf5 23. Ne4 dxe5 24. Nexg5 Rxg5 25. Kf1 e4 26. Qxf4 
Rf8 27. Qxe4 Rgf5 28. Rg1 Nh2+ 29. Ke2 Nxf3 30. Rxg6+ Kxg6 31. Rh1 Nfxd4+ 
32. Kf1 Kf7 33. Qg2 Rf6 34. Qg3 Ke8 35. Rh2 Nf3 36. Rg2 Nd2+ 37. Ke1 Nf3+ 
38. Kf1 Nd2+ 1/2-1/2

[Event "Premier Quad, S50449"]
[Site "CCLA"]
[Date "2015.12.09"]
[Round "?"]
[White "Laaman, Thomas"]
[Black "Haase, F. Philip"]
[Result "0-1"]
[WhiteElo "1648"]
[BlackElo "1813"]

1. e4 c5 2. Nf3 d6 3. Bd3 Nc6 4. c3 Nf6 5. h3 Bd7 6. O-O e6 7. Re1 Be7 8. 
Bc2 Rc8 9. d3 O-O 10. Nbd2 Qc7 11. Nf1 h6 12. Ng3 b6 13. Bf4 Ne5 14. Nxe5 
dxe5 15. Be3 Bc6 16. a4 Rfd8 17. Qe2 Rd7 18. Nh5 Nxh5 19. Qxh5 a5 20. g4 
Rcd8 21. g5 hxg5 22. Bxg5 g6 23. Qh4 Bxg5 24. Qxg5 Kg7 25. Re3 c4 26. dxc4
Rd2 27. Rc1 f6 28. Qg4 Qd6 29. Rg3 g5 30. h4 Rxc2 31. Rf1 Rh8 32. hxg5 f5 
33. Qd1 Bxe4 34. f3 Qc5+ 0-1

[Event "2015 NA Class A Ch Finals, S50179"]
[Site "CCLA"]
[Date "2015.04.27"]
[Round "?"]
[White "Stroup, Jim"]
[Black "Anderson, Clarence"]
[Result "1-0"]
[WhiteElo "2058"]
[BlackElo "1717"]

1. e4 c5 2. Nf3 d6 3. Bb5+ Nd7 4. O-O a6 5. Be2 Ngf6 6. d3 g6 7. c4 Bg7 8.
 Nc3 O-O 9. d4 cxd4 10. Nxd4 Nc5 11. f3 Qb6 12. Kh1 Ne6 13. Nb3 Bd7 14. 
Qd3 Nc5 15. Nxc5 dxc5 16. Qe3 e6 17. e5 Ne8 18. Ne4 Rc8 19. f4 Qc7 20. Rd1
Bc6 21. Nxc5 Rd8 22. Rxd8 Qxd8 23. Qb3 Nc7 24. Nxb7 Bxg2+ 25. Kxg2 1-0

[Event "2015 Server Team Ch - Div 2"]
[Site "CCLA"]
[Date "2015.10.30"]
[Round "?"]
[White "Catania, Duane"]
[Black "Clancey, James"]
[Result "1/2-1/2"]
[WhiteElo "1720"]
[BlackElo "1858"]
[Board "4"]
[WhiteTeam "Big Red Fuzzy"]
[BlackTeam "Queen & Knights"]

1. e4 c5 2. Nf3 d6 3. Bb5+ Nd7 4. O-O a6 5. Bxd7+ Bxd7 6. Re1 Nf6 7. e5 
dxe5 8. Nxe5 e6 9. d3 Bd6 10. Nxd7 Qxd7 11. Nc3 O-O 12. Qf3 Qc7 13. h3 
Rfe8 14. Bg5 Nd7 15. Ne4 Bh2+ 16. Kh1 Be5 17. c3 h6 18. Bd2 Rad8 19. Rad1 
Qb6 20. Bc1 Bb8 21. d4 cxd4 22. cxd4 Qc6 1/2-1/2

[Event "Premier Quad, S50099"]
[Site "CCLA"]
[Date "2015.03.09"]
[Round "?"]
[White "Catania, Duane"]
[Black "Hansen, Michael"]
[Result "0-1"]
[WhiteElo "1684"]
[BlackElo "1754"]

1. e4 c5 2. Nf3 d6 3. Bb5+ Nd7 4. O-O a6 5. Bxd7+ Bxd7 6. d3 e5 7. Nc3 b5 
8. Re1 Be7 9. Nd5 Nf6 10. Nxe7 Qxe7 11. Bg5 O-O 12. c3 h6 13. Bh4 Rfe8 14.
 d4 Bg4 15. dxc5 dxc5 16. Qe2 Qe6 17. h3 Bh5 18. Qe3 c4 19. Rad1 Rad8 20. 
Bg3 Nd7 21. Rd2 Bxf3 22. Qxf3 Nc5 23. Red1 Nd3 24. Qe3 Re7 25. Qe2 Red7 
26. Kh2 f5 27. exf5 Qxf5 28. f3 Nf4 29. Qe3 Rd3 30. Rxd3 Rxd3 31. Rxd3 
cxd3 32. b3 Nd5 33. Qd2 e4 34. fxe4 Qxe4 35. Kh1 Qe3 36. Be1 Qxd2 37. Bxd2
Nf6 38. Kg1 Ne4 0-1

[Event "Summer Series, S50301"]
[Site "CCLA"]
[Date "2015.07.25"]
[Round "?"]
[White "Shannon, Paul D."]
[Black "Anderson, Clarence"]
[Result "1/2-1/2"]
[WhiteElo "1865"]
[BlackElo "1717"]

1. Nf3 c5 2. e4 d6 3. Bb5+ Nd7 4. d4 Nf6 5. Nc3 cxd4 6. Qxd4 e5 7. Qd3 h6 
8. Be3 Be7 9. Bc4 a6 10. a4 Qa5 11. O-O Nc5 12. Bxc5 Qxc5 13. Nd5 Nxd5 14.
 Qxd5 Qxd5 15. Bxd5 Rb8 16. Rfd1 f5 17. c4 fxe4 18. Bxe4 O-O 19. h3 Be6 
20. b3 b5 21. axb5 axb5 22. Ra7 Rf7 23. c5 Bf6 24. Rxf7 Kxf7 25. Rxd6 Bxb3
26. Rb6 Rxb6 27. cxb6 Bd8 28. Nxe5+ Ke6 29. b7 Bc7 30. Nc6 Bd5 31. Bxd5+ 
Kxd5 32. b8=Q Bxb8 33. Nxb8 b4 34. Nd7 b3 35. Nb6+ Kc5 36. Na4+ Kb4 37. 
Nb2 Kc3 38. Nd1+ Kc2 39. Ne3+ Kd3 40. Nd1 1/2-1/2

[Event "2015 NA Server Ch (CCLA Rules), S50169"]
[Site "CCLA"]
[Date "2015.04.27"]
[Round "?"]
[White "Lewis, James W."]
[Black "Edwards, K. E. D. G."]
[Result "1/2-1/2"]
[WhiteElo "1993"]
[BlackElo "2273"]

1. e4 c5 2. Nf3 d6 3. Bb5+ Bd7 4. a4 Nc6 5. O-O Nf6 6. d3 e6 7. b3 a6 8. 
Bxc6 Bxc6 9. Bb2 Qc7 10. Nbd2 Be7 11. Nc4 b5 12. Ne3 O-O 13. axb5 axb5 14.
 Qe2 d5 15. exd5 Nxd5 16. Nxd5 exd5 17. Qe5 Qxe5 18. Nxe5 Bb7 19. Nd7 Rxa1
20. Rxa1 Rd8 21. Ne5 Ra8 22. Rxa8+ Bxa8 23. d4 c4 24. g4 f6 25. Nd7 Kf7 
26. Nc5 b4 27. Bc1 Bxc5 28. dxc5 Ke6 29. f4 c3 30. Be3 d4 31. Bxd4 Kd5 32.
 Be3 Kc6 33. Kf2 Kb5 34. Ke2 Be4 35. Kd1 Bf3+ 36. Ke1 Bxg4 37. Bf2 Bf5 38.
 Kd1 Bc8 39. Be3 Bg4+ 40. Ke1 h6 41. Bf2 Kc6 42. Bd4 Bh5 43. Be3 g5 44. 
fxg5 hxg5 45. Bd4 Bg6 46. Kd1 f5 47. Bf6 Bh5+ 48. Ke1 g4 49. Bd4 Bg6 50. 
Kd1 f4 51. Be5 f3 52. Bd4 Bh7 53. Bf2 Bf5 54. Kc1 Bg6 55. Kd1 Bh7 56. Kc1 
Bf5 57. Kd1 Be4 58. Kc1 Bh7 59. Bd4 Kd5 60. Be3 Bf5 1/2-1/2

[Event "2015 NA Server Ch (CCLA Rules), S50169"]
[Site "CCLA"]
[Date "2015.04.27"]
[Round "?"]
[White "Sereni, Vincent T."]
[Black "Vaughan, James"]
[Result "0-1"]
[WhiteElo "2123"]
[BlackElo "2268"]

1. e4 c5 2. Nf3 d6 3. Bb5+ Bd7 4. Bxd7+ Nxd7 5. Nc3 Ngf6 6. O-O g6 7. d3 
Bg7 8. h3 O-O 9. Re1 Ne8 10. Nd5 e6 11. Nc3 Qb6 12. Bd2 Qxb2 13. Rb1 Qa3 
14. Ne2 b6 15. Bg5 f6 16. Bd2 Nc7 17. c3 f5 18. Bg5 Rae8 19. Qc2 Qa6 20. 
Bf4 e5 21. Be3 d5 22. Rbd1 b5 23. exf5 gxf5 24. Kh1 Qc6 25. Rf1 f4 26. Bc1
Nb6 27. Nh2 Ne6 28. a3 e4 29. Ng4 Kh8 30. dxe4 dxe4 31. Rfe1 Nc4 32. Ng1 
Nc7 33. Ne2 h5 34. Nh2 Nd5 35. a4 a6 36. Rxd5 Qxd5 37. Nxf4 Qf5 38. g4 
hxg4 39. hxg4 Qh7 40. axb5 axb5 41. Nh5 Be5 42. Nf1 Qf7 43. Kg1 Qf3 0-1

[Event "Summer Series, S50321"]
[Site "CCLA"]
[Date "2015.07.25"]
[Round "?"]
[White "Catania, Duane"]
[Black "Cangelosi, Dominic"]
[Result "1-0"]
[WhiteElo "1642"]
[BlackElo "1419"]

1. e4 c5 2. Nf3 d6 3. Bb5+ Bd7 4. Bxd7+ Nxd7 5. c4 g6 6. O-O Bg7 7. d3 e6 
8. Nc3 Ne7 9. a3 Nc6 10. Nb5 Nde5 11. Nxe5 Bxe5 12. f4 Bg7 13. Qg4 a6 14. 
Nc3 O-O 15. Be3 Nd4 16. Rac1 f5 17. Qh3 b5 18. cxb5 axb5 19. Kh1 b4 20. 
axb4 cxb4 21. Bxd4 Bxd4 22. Nd1 Ra2 23. b3 Qa5 24. Ne3 Qa3 25. Rc7 Bg7 26.
 exf5 exf5 27. Nd5 Ra1 28. Ne7+ Kf7 29. Nxf5+ 1-0

[Event "2015 REGULAR QUAD, S50149"]
[Site "CCLA"]
[Date "2015.04.10"]
[Round "?"]
[White "Haase, F. Philip"]
[Black "Godinez, Doug"]
[Result "1-0"]
[WhiteElo "1813"]
[BlackElo "1392"]

1. e4 c5 2. Nf3 d6 3. Bb5+ Bd7 4. Bxd7+ Qxd7 5. d4 cxd4 6. Qxd4 Nc6 7. Qd3
g6 8. Nc3 Bg7 9. O-O Nf6 10. h3 O-O 11. Rd1 Nb4 12. Qe2 Rac8 13. e5 Ne8 
14. Qe4 Nc6 15. Bf4 f5 16. Qe3 Qe6 17. Ng5 Qc4 18. b3 Qc5 19. Qxc5 dxc5 
20. Ne6 Rf7 21. Rd5 b6 22. Rad1 Nc7 23. Nxc7 Rxc7 24. e6 Rf8 25. Bxc7 Bxc3
26. Rd7 Nd4 27. Rxe7 Ne2+ 28. Kf1 Nd4 29. Be5 Nc6 30. Rg7+ Kh8 31. Bxc3 
Nd4 32. Rxa7 Re8 33. Bxd4+ cxd4 34. Rxd4 h5 35. Rdd7 1-0

[Event "2015 Server Team Ch - Div 1, S51999"]
[Site "CCLA"]
[Date "2015.10.30"]
[Round "?"]
[White "Cooper, Ronald A."]
[Black "Pedersen, Roger"]
[Result "1/2-1/2"]
[WhiteElo "1982"]
[BlackElo "1926"]
[Board "6"]
[WhiteTeam "BCCA Rooks"]
[BlackTeam "Paul Morphy's Hair"]

1. e4 c5 2. Nf3 d6 3. Bb5+ Bd7 4. Bxd7+ Qxd7 5. O-O Nf6 6. Qe2 Nc6 7. Rd1 
e6 8. d4 cxd4 9. Nxd4 Rc8 10. Nf3 Qc7 11. Bf4 Be7 12. Na3 Ne5 13. Bxe5 
dxe5 14. Qb5+ Qc6 15. Qxc6+ Rxc6 16. Nxe5 Rc7 17. f3 Bxa3 18. bxa3 Ke7 19.
 c4 Rhc8 20. Rd4 Nd7 21. Rxd7+ Rxd7 22. Nxd7 Kxd7 23. Rc1 Rc6 24. Kf2 Rb6 
25. Rd1+ Kc6 26. Ke2 Ra6 27. Rd3 Ra4 28. Rc3 Kc5 29. Kd3 e5 30. h4 h5 31. 
Rb3 b6 32. Rc3 f6 33. g3 Ra5 1/2-1/2

[Event "Summer Series, S50321"]
[Site "CCLA"]
[Date "2015.07.25"]
[Round "?"]
[White "Perry, William E."]
[Black "Cangelosi, Dominic"]
[Result "0-1"]
[WhiteElo "1440"]
[BlackElo "1419"]

1. e4 c5 2. Nf3 d6 3. Bb5+ Bd7 4. Bxd7+ Qxd7 5. O-O g6 6. c3 Bg7 7. d4 Nf6
8. Re1 O-O 9. e5 dxe5 10. dxe5 Qxd1 11. Rxd1 Ng4 12. Re1 Nc6 13. e6 f5 14.
 h3 Nge5 15. Nxe5 Nxe5 16. Bf4 Nd3 17. Rd1 Nxf4 18. Rd7 Rad8 19. Na3 Rxd7 
20. exd7 Rd8 21. Rd1 Ne6 22. Nc4 Nf8 23. Na5 b6 24. Nc6 Rxd7 25. Rxd7 Nxd7
26. Nxe7+ Kh8 27. Nc8 Ne5 28. Nxa7 Nd3 29. Nc8 Nxb2 30. Nxb6 Bxc3 0-1

[Event "Premier Quad, S50249"]
[Site "CCLA"]
[Date "2015.05.29"]
[Round "?"]
[White "Catania, Duane"]
[Black "Hansen, Michael"]
[Result "0-1"]
[WhiteElo "1684"]
[BlackElo "1754"]

1. e4 c5 2. Nf3 d6 3. Bb5+ Bd7 4. Bxd7+ Qxd7 5. O-O Nf6 6. d3 Nc6 7. Re1 
e6 8. Nc3 Be7 9. Ne2 O-O 10. Ng3 Ng4 11. h3 Nge5 12. c3 a5 13. d4 Nxf3+ 
14. gxf3 cxd4 15. cxd4 d5 16. e5 Bb4 17. Re3 Rfc8 18. f4 Qc7 19. Nh5 Bf8 
20. Rg3 Kh8 21. Qg4 Nxd4 22. Rc3 Qb6 23. Be3 Rxc3 24. bxc3 Qb2 25. Qd1 Nc2
26. Rb1 Nxe3 27. fxe3 Qxc3 28. Rb3 Qc4 29. Rxb7 Qxa2 30. Ng3 a4 31. f5 a3 
32. Rxf7 Qb2 33. Qg4 a2 34. fxe6 a1=Q+ 0-1

[Event "2015 Regular Quad, S50019"]
[Site "CCLA"]
[Date "2015.01.16"]
[Round "?"]
[White "Catania, Duane"]
[Black "Haase, F. Philip"]
[Result "0-1"]
[WhiteElo "1642"]
[BlackElo "1813"]

1. e4 c5 2. Nf3 d6 3. Bb5+ Bd7 4. Bxd7+ Qxd7 5. O-O Nc6 6. d3 g6 7. Nc3 
Bg7 8. a3 Nf6 9. Bg5 O-O 10. Re1 Rac8 11. Rb1 h6 12. Bc1 Ng4 13. h3 Nge5 
14. Nxe5 dxe5 15. Nd5 f5 16. c3 e6 17. Ne3 f4 18. Nc2 Rfd8 19. b4 Qxd3 20.
 Qxd3 Rxd3 21. bxc5 Rxc3 22. Re2 Rxc5 23. Na1 Nd4 24. Re1 Rxc1 0-1

[Event "2015 NA Class C Ch - Rd 1 Sect 2, S50101"]
[Site "CCLA"]
[Date "2015.04.27"]
[Round "?"]
[White "Haase, F. Philip"]
[Black "Godinez, Doug"]
[Result "1-0"]
[WhiteElo "1773"]
[BlackElo "1392"]

1. e4 c5 2. Nf3 d6 3. Bb5+ Bd7 4. Bxd7+ Qxd7 5. O-O Nc6 6. c3 Nf6 7. d4 
Nxe4 8. d5 Ne5 9. Nxe5 dxe5 10. Re1 Nf6 11. c4 g6 12. Rxe5 Bg7 13. Nc3 O-O
14. Qe2 Rfe8 15. Bg5 h6 16. Bh4 g5 17. Bg3 Ng4 18. Re4 b6 19. Re1 f5 20. 
Re6 f4 21. Bxf4 gxf4 22. Qxg4 a6 23. h3 Ra7 24. d6 Kh7 25. Qg6+ Kg8 26. 
Nd5 1-0

[Event "2015 Server Team Ch - Div 1, S51999"]
[Site "CCLA"]
[Date "2015.10.30"]
[Round "?"]
[White "Beckett, Phillip J."]
[Black "Silverman, Robert"]
[Result "1-0"]
[WhiteElo "1960"]
[BlackElo "1897"]
[Board "6"]
[WhiteTeam "SchemingMind B"]
[BlackTeam "Pennsylvania Keystones"]

1. e4 c5 2. Nf3 d6 3. d4 Nf6 4. Nc3 a6 5. dxc5 Nc6 6. cxd6 e5 7. Be3 Bxd6 
8. Qd2 Bg4 9. O-O-O Bb4 10. Qxd8+ Nxd8 11. Nd5 Nxd5 12. exd5 O-O 13. h3 
Bxf3 14. gxf3 Bd6 15. c4 f5 16. Kb1 Rc8 17. Rc1 f4 18. Bb6 Nf7 19. c5 Bc7 
20. Bxc7 Rxc7 21. d6 Rd7 22. Bc4 g6 23. Be6 Rdd8 24. Rhe1 Kg7 25. Bxf7 
Kxf7 26. Rxe5 Rd7 27. Rce1 Kg8 28. Re7 Rf7 29. Rxd7 Rxd7 30. b4 Kf7 31. 
Kc2 h6 32. Kb3 Kf6 33. Ka4 b6 34. Rd1 Ke6 35. cxb6 Rxd6 36. Rxd6+ Kxd6 37.
 Ka5 1-0